| 000 | 00591nam a22001817a 4500 | ||
|---|---|---|---|
| 003 | BD-DhJNU | ||
| 005 | 20250717052943.0 | ||
| 008 | 250717b |||||||| |||| 00| 0 eng d | ||
| 040 |
_aBD-DhJNU _bENG _cBD-DhJNU _dBD-DhJNU |
||
| 082 |
_223 _a321.095496 MIS |
||
| 100 | _aMishra, Indra Deo | ||
| 245 |
_aSystematic strains and political development in Nepal / _cIndra Deo Mishra |
||
| 260 |
_aVaranasi : _bVijayashree Enterprises, _c1985. |
||
| 300 |
_aix, 305p. : _bill. ; _c22 cm. |
||
| 504 | _aIncludes bibliographies and index | ||
| 650 |
_aPolitical Science _x Nepal |
||
| 942 |
_2ddc _cBK _n0 |
||
| 999 |
_c1913 _d1913 |
||